Statistiques concernant Buteurs Real Madrid LDC 2021/22

Cliquez ici pour prendre le quiz!

Statistiques générales

  • Ce quiz a été pris 214 fois
  • Le résultat moyen est 4 sur 6

Statistiques - réponses

Nombre de ButButeur% Correct
15Karim Benzema
100%
5Rodrygo
90%
2Toni Kroos
81%
4Vinicius Junior
72%
1David Alaba
51%
1Marco Asensio
49%

Distribution des résultats

Percentile par nombre de réponses

% des personnes avec chaque résultat

Votre développement - résultats

Vous n’avez pas pris ce quiz